| 000 | 00978nam a2200253 a 4500 | ||
|---|---|---|---|
| 001 | BRCA_254 | ||
| 005 | 20190320202933.0 | ||
| 008 | 080508s2002----it-a---###---#000-0#ger-# | ||
| 020 | _a3854970463 | ||
| 040 |
_aOHX _beng _cOHX _dCGU |
||
| 041 | _ager | ||
| 044 | _ait | ||
| 050 | 4 |
_aN6576 _b.G83 2002 |
|
| 245 | 1 | 0 |
_aGuatemala _bLand des Quetzal von den Maya Zur Spanischen Welt _cherausgegeben von Wilfried Seipel. |
| 260 |
_aMilán _bSkira _c2002 |
||
| 300 |
_a384 p. _bil. (algunas a color), mapas _c28 cm. |
||
| 500 | _aCatálogo de la exposición realizada en el Museum für Völkerkunde, 9 octubre, 2002 - 13 enero, 2003 y en el Centro Cultural de la Villa de Madrid (España), 17 mayo - 21 julio, 2002 | ||
| 500 | _a2do. ejemplar en el Área de Investigación | ||
| 650 | 1 | 4 |
_aArte guatemalteco _vExposiciones _9610 |
| 650 | 1 | 4 |
_aArte maya _vExposiciones _9611 |
| 650 | 1 | 4 |
_aArte colonial _vExposiciones _zGuatemala _9612 |
| 700 | 1 |
_aSeipel, Wilfried _9878 |
|
| 942 |
_2lcc _cB |
||
| 999 |
_c209 _d209 |
||